Estudio histórico de las leyes y colecciones antiguas y modernas de España ó Resumen de la historia general del derecho español / (Record no. 162924)

MARC details
000 -LEADER
campo de control de longitud fija 00912nam a22002175i 4500
001 - NÚMERO DE CONTROL
campo de control 162924
003 - IDENTIFICADOR DE NÚMERO DE CONTROL
campo de control ES-MaACL
005 - FECHA Y HORA DE LA ÚLTIMA TRANSACCIÓN
campo de control 20250809015522.0
008 - DATOS DE LONGITUD FIJA--INFORMACIÓN GENERAL
campo de control de longitud fija 990908s1885 sp |||| | spa d
040 ## - FUENTE DE CATALOGACIÓN
Centro catalogador/agencia de origen CCPB | B
Lengua de catalogación spa
Centro/agencia transcriptor CCPB | B
100 1# - ENTRADA PRINCIPAL--NOMBRE DE PERSONA
Nombre de persona Ramírez Helguera, Martín.
9 (RLIN) 131587
245 10 - MENCIÓN DEL TÍTULO
Título Estudio histórico de las leyes y colecciones antiguas y modernas de España ó Resumen de la historia general del derecho español /
Mención de responsabilidad, etc. por Martin Ramirez de Helguera.
260 ## - PUBLICACIÓN, DISTRIBUCIÓN, ETC.
Lugar de publicación, distribución, etc. Carrión de los Condes :
Nombre del editor, distribuidor, etc. [s.n.],
Fecha de publicación, distribución, etc. 1885 (
Fabricante Imp. y enc. de V. Macias é hijo)
300 ## - DESCRIPCIÓN FÍSICA
Extensión [6], VI, 202, [7] p. ;
Dimensiones 16 cm.
510 4# - NOTA DE CITAS O REFERENCIAS BIBLIOGRÁFICAS
Nombre de la fuente Palau,
Localización dentro de la fuente t. XV, 287093
650 #4 - PUNTO DE ACCESO ADICIONAL DE MATERIA--TÉRMINO DE MATERIA
Término de materia o nombre geográfico como elemento de entrada Derecho-
Subdivisión geográfica España-
Subdivisión de forma Historia
9 (RLIN) 11614
752 ## - ENTRADA AGREGADA--NOMBRE JERÁRQUICO DEL LUGAR
País o entidad superior España -
Ciudad Carrión de los Condes
852 ## - LOCALIZACIÓN
Ubicación ES-MaACL
Número de control de estantería T-478-F-14
Nota libre -- Enc. hol., falto de la cub. original
-- -- Enc. en un vol. facticio
942 ## - ELEMENTOS DE ENTRADA SECUNDARIOS (KOHA)
Fuente del sistema de clasificación o colocación Clasificación decimal universal
Holdings
Estatus retirado Estado de pérdida Estado de daño No para préstamo Colección Biblioteca de origen Biblioteca actual Ubicación en estantería Fecha de adquisición Total de préstamos Signatura topográfica completa Código de barras Visto por última vez Precio de reemplazo Tipo de ítem Koha
        Colección de folletos Biblioteca del Ateneo de Madrid Biblioteca del Ateneo de Madrid Depósito folletos 17/01/2008   T-478-F-14 1170704 23/02/2023 23/02/2023 Folleto